Länder, die an die Türkei grenzen - Statistiken

Allgemein
  • Dieses Quiz wurde 35.616 mal gespielt
  • Das Durchschnittsergebnis liegt bei 7 aus 8
Antworten auf der Karte
Die Antworten werden auf der Karte rot bzw. grün angezeigt, abhängig davon wie oft sie richtig erraten wurden.
 
Antwortstatistiken
Grenzlänge Land % Korrekt
206 km Griechenland
96%
499 km Iran
92%
311 km Irak
91%
822 km Syrien
91%
252 km Georgien
86%
268 km Armenien
84%
240 km Bulgarien
83%
9 km Aserbaidschan
80%
Keine übereinstimmenden Quizze gefunden
Verteilung der Resultate
Anzahl Personen mit jedem Resultat
Perzentil nach korrekt beantworteten Fragen
Ihre Resultats-Entwicklung
Sie haben dieses Quiz noch nicht gespielt